History Quiz

Random History or Nation Quiz

Ancient Egypt A-Z Quiz Stats

 Plays Quiz Updated Mar 1, 2014

Challenge
Share
Tweet
Embed
Score 0/26 Timer 06:00
0 Plays Today
Letter % Correct
CCleopatra VII(Κλεοπάτρα Φιλοπάτωρ)
92.6%
GGiza (الجيزة‎)
86.3%
PPapyrus
80%
JJackal
66.9%
OObelisk (ὀβελίσκος)
59.5%
EEmbalm
54.9%
QQuartz
49.9%
KKa
47.3%
NNubia
42.3%
BBast
35.1%
HHatshepsut
34.1%
LLuxor (الأقصر‎)
28.6%
VVizier (وزير)
27.2%
Letter % Correct
IImhotep (Ιμυθες)
25.2%
TThoth
21.1%
AAbu-Simbel
14.8%
DDjoser's Pyramid
14.4%
MMut
8.6%
FFaience
8%
WWedjat
8%
YYuya
5.5%
RRed Land
5.2%
UUraeus (οὐραῖος)
5.1%
SShemu
2.6%
ZZawiyet
1.6%
XXios
1.5%

You're not logged in!

Compare scores with friends on all Sporcle quizzes.
Join for Free
OR
Log In

You Might Also Like...

Show Comments

Extras

Top Quizzes Today


Score Distribution

Your Account Isn't Verified!

In order to create a playlist on Sporcle, you need to verify the email address you used during registration. Go to your Sporcle Settings to finish the process.

Report this User

Report this user for behavior that violates our Community Guidelines.

Details: